00730nam a22002177a 450000500170000001000130001702000100003003500130004003700160005304000120006908200190008110000180010024501080011826000480022627000910027430000320036550000510039765000160044865000320046470000160049620170124110018.0 aA-408624 c35.00 aA-408624 bCen Lib/Ret aDPLbEN a338.10954bAMA aAmarjit Singh aAgricultural problems in India :cby Amarjit Singh [and] A.N. Sadhubdevelopment policies & prospects / aNew DelhibHimalaya Publishing House c1986 a Pooja Appartments, 4-B, Muarari Lal Street, Ansari Road, DaryaganjbNew Delhie110002 axii,386p. :c20cm(Hb)bill. aIncludes bibliographical references and index. aAgriculture aAgricultural administration aSadhu, A.N.